Statistics for Phonetic Alphabet

Click here to take the quiz!

General Stats

  • This quiz has been taken 11 times
  • The average score is 22 of 26

Answer Stats

HintAnswer% Correct
AAlpha
100%
BBravo
100%
CCharlie
100%
DDelta
100%
EEcho
100%
IIndia
100%
FFoxtrot
90%
OOscar
90%
QQuebec
90%
XX-ray
90%
ZZulu
90%
GGolf
80%
HHotel
80%
JJuliet
80%
KKilo
80%
MMike
80%
NNovember
80%
RRomeo
80%
SSierra
80%
TTango
80%
UUniform
80%
WWhiskey
80%
YYankee
80%
LLima
70%
PPapa
70%
VVictor
70%

Score Distribution

Percentile by Number Answered

Percent of People with Each Score

Your Score History

You have not taken this quiz